01847nam a2200385 i 4500003000900000005001700009007000300026008004100029040003000070082001800100245028600118264005600404300005600460336002700516337003400543338002800577590002700605700004800632700003500680700005200715700004200767700004200809700003700851700004200888700004200930700004300972710008301015710005301098710006901151710006701220910001401287942001401301952012901315999001701444DO-SdBNP20240715092554.0ta110413s1999 dr ao 000 0 spa d aDO-SdBNPbspacBNPHUerda axxxbxxxx22200aAgenda para el desarrollo de Sabana Perdida: belaborada mediante un proceso de formación, diagnostico y concertaciòn entre organizaciones de la comunidad /cfacilitadores José Mieses Michel, Jorge Cela, Ricardo González Camacho, Xiomara García, Octavio Figueroa y otros  1aSanto Domingo :bACOPRO,bPID,bPUCMMbUSAIDc1999. a56 páginas bilustraciones, fotografíasc21 cm. 2rdacontentatextobtxt 2rdamediaasin mediación bn 2rdacarrieravolumenbnc aInventariado, 2023/ YL1 aSilié, Rubén,d1946-efacilitador914211 aCela, Jorgeefacilitador978871 aGonzález Camacho, Ricardoefacilitador9460351 aGarcía, Xiomaraefacilitador9839411 aFigueroa, Octavioefacilitador9553411 aAbréu, Fabioefacilitador96491 aHernández, Pedroefacilitador926701 aRamírez, Manuelefacilitador9839421 aVanhecke, Bernardoefacilitador9650461 aOrganización de servicios sociales en República Dominicana (ACOPRO)9839431 aProyectos Ingeniería y Desarrollo (PID)9839441 aPontificia Universidad Católica Madre y Maestra (PUCMM)983945 aEstados Unidos .b Agency for International Development983946 aYLockward 2ddccLBS1 00102ddc51708PDaBNPHUbBNPHUcCTd2023-03-03eAna Teresa Pérez l0oxxx xxxxp2023-5326r2023-08-14w2023-08-14yLBS1 c54393d54393